The Narrative of Mr. John Soren : a native of the United States of America, piratically captured on the high seas, in requital for an act of humanity, in saving a British transport, with near 300 troops on board, from sinking. : With an appendix, containing the documents referred to in the narrative, A letter from the American minister, and testimonials of the truth of the statement from Major Mansergh, the commanding officer of the troops, and Captain Davis.

Bibliographic Details
Format: eBook
Language:English
Series:Early American imprints. Evans (1639-1800) ; no. 38531.
Subjects:
Online Access:Evans Digital Edition

MARC

Tag First Indicator Second Indicator Subfields
LEADER 00000cam a2200000 a 4500
001 in00002139266
006 m e d #
007 cr mn mmmmabba
008 820624r1800 mau s 000 0 eng d
005 20260331150824.0
035 |z w013739 
035 |a MAAR8206243701B 
035 |9 mwa91-7134 
035 |a 341165 
035 |a aas03013739 
040 |a MWA  |c MWA  |e bdrb  |d UtOrBLW 
245 0 4 |a The Narrative of Mr. John Soren :  |b a native of the United States of America, piratically captured on the high seas, in requital for an act of humanity, in saving a British transport, with near 300 troops on board, from sinking. : With an appendix, containing the documents referred to in the narrative, A letter from the American minister, and testimonials of the truth of the statement from Major Mansergh, the commanding officer of the troops, and Captain Davis. 
264 3 |a [Boston] :  |b London, printed, at the Oriental Press, by Wilson & Co. Boston, reprinted, and sold for the relief of Mr. Soren and his family,  |c 1800. 
300 |a 54 pages, 2 unnumbered pages ;  |c 22 cm. (octavo) 
336 |a text  |b txt  |2 rdacontent 
337 |a computer  |b c  |2 rdamedia 
338 |a online resource  |b cr  |2 rdacarrier 
510 4 |a Evans  |c 38531 
530 |a Microform version available in the Readex Early American Imprints series. 
533 |a Electronic text and image data.  |b [Chester, Vt. :  |c Readex, a division of Newsbank, Inc.,  |d 2002-2004.  |e Includes files in TIFF, GIF and PDF formats with inclusion of keyword searchable text.  |f (Early American imprints. First series ; no. 38531). 
500 |a Electronic resource. 
600 1 0 |a Soren, John,  |d 1757- 
650 0 |a Pirate captivities. 
655 7 |a Captivity narratives.  |2 rbgenr 
655 7 |a Press figures (Printing)  |2 rbpri 
752 |a United States  |b Massachusetts  |d Boston. 
830 0 |a Early American imprints.  |n Series I,  |p Evans (1639-1800) ;  |v no. 38531. 
856 4 1 |u http://proxy.library.tamu.edu/login?url=https://opac.newsbank.com/select/evans/38531  |y Evans Digital Edition  |t 0 
999 |a MARS 
999 f f |s db620eea-dc6c-3afe-8940-0d08c225a9c9  |i a81b786b-b53e-3c5d-ba5a-6e7c1526dbf2  |t 0 
952 f f |a Texas A&M University  |b College Station  |c Electronic Resources  |s www_evans  |d Available Online  |t 0  |h No information provided 
998 f f |t 0  |l Available Online